000 00798nam a2200253 a 4500
001 BRCA_8671
005 20190320210350.0
041 _aspa
044 _amx
050 4 _aK720
_b.T47
_c1586
245 1 0 _aTestamento de Francisco Villa lobos.
260 _aMéxico
_b[s.e.]
_c1586
300 _a1 vol. (sin paginación)
_c31 cm
500 _aFondo antiguo
500 _aSe encuentra en Caja Fuerte
500 _aD-127
500 _aEstado fisíco: se encuentra en hojas sueltas deterioradas
500 _aNota de encuadernación: se conserva en carpeta de piel con broches
500 _aTexto escrito a mano
506 0 _aFondo reservado: para su consulta es necesario credencial de usuario y carta de motivos
650 1 4 _aPropiedades
_zMéxico
_921633
902 _aLAR
942 _2lcc
_cB
999 _c8329
_d8329